Quiz piłkarski 3! - Statystyki

Ogólne statystyki
  • Ten quiz został rozwiązany 53 razy
  • Średni wynik to 11 z 20
Statystyki odpowiedzi
Nazwisko i klub zawodnika Imię zawodnika % Poprawnych
Coutinho (Barcelona) Philippe
90%
Promes (Ajax) Quincy
84%
Pepe (Arsenal) Nicolas
80%
Hakimi (Inter) Achraf
76%
Bellingham (BVB) Jude
74%
Zinchenko (Man. City) Oleksandr
70%
Bergwijn (Tottenham) Steven
62%
Sommer (Borussia M.) Yann
62%
Vaclik (Sevilla) Tomas
58%
Mkhitaryan (Roma) Henrikh
56%
Odriozola (Real Madryt) Alvaro
54%
Paredes (PSG) Leandro
54%
Hermoso (Atl. Madryt) Mario
54%
Gilmour (Chelsea) Billy
44%
Denayer (OL) Jason
40%
Strakosha (Lazio) Thomas
40%
Demiral (Juventus) Merih
38%
Demme (Napoli) Diego
36%
Demirbay (Bayer) Kerem
30%
Racic (Valencia) Uros
24%
Nie znaleziono quizów pasujących do podanych kryteriów
Rozkład punktacji
Procent ludzi z każdym wynikiem
Percentyl według liczby udzielonych odpowiedzi
Twoja historia wyników
Nie rozwiązałeś tego quizu